Ferrari legends : (Record no. 143063)

MARC details
000 -LEADER
fixed length control field 00959cam a2200265 a 4500
001 - CONTROL NUMBER
control field vtls003227022
003 - CONTROL NUMBER IDENTIFIER
control field MY-SjTCS
005 - DATE AND TIME OF LATEST TRANSACTION
control field 20200226115105.0
008 - FIXED-LENGTH DATA ELEMENTS--GENERAL INFORMATION
fixed length control field 111124s2010 enka 001 0 eng d
020 ## - INTERNATIONAL STANDARD BOOK NUMBER
International Standard Book Number 9781858945330 (pbk.)
020 ## - INTERNATIONAL STANDARD BOOK NUMBER
International Standard Book Number 185894533X (pbk.)
039 #9 - LEVEL OF BIBLIOGRAPHIC CONTROL AND CODING DETAIL [OBSOLETE]
Level of rules in bibliographic description 201706081622
Level of effort used to assign nonsubject heading access points haizir
Level of effort used to assign subject headings 201202271715
Level of effort used to assign classification shuhada
Level of effort used to assign subject headings 201202271712
Level of effort used to assign classification shuhada
Level of effort used to assign subject headings 201202131532
Level of effort used to assign classification izani
-- 201111241720
-- malathy
082 04 - DEWEY DECIMAL CLASSIFICATION NUMBER
Classification number 629.2222
Item number ZUM 2010
100 1# - MAIN ENTRY--PERSONAL NAME
Personal name Zumbrunn, Michel.
9 (RLIN) 57972
245 10 - TITLE STATEMENT
Title Ferrari legends :
Remainder of title classics of style and design /
Statement of responsibility, etc. Michel Zumbrunn ; text by Richard Heseltine.
260 ## - PUBLICATION, DISTRIBUTION, ETC.
Place of publication, distribution, etc. London :
Name of publisher, distributor, etc. Merrell,
Date of publication, distribution, etc. 2010.
300 ## - PHYSICAL DESCRIPTION
Extent 288 p. :
Other physical details ill. ;
Dimensions 16 x 23 cm.
500 ## - GENERAL NOTE
General note Originally published: 2008.
500 ## - GENERAL NOTE
General note Includes index.
590 ## - LOCAL NOTE (RLIN)
Local note Other branches of engineering
650 #0 - SUBJECT ADDED ENTRY--TOPICAL TERM
Topical term or geographic name entry element Ferrari automobile
General subdivision History.
9 (RLIN) 59423
650 #0 - SUBJECT ADDED ENTRY--TOPICAL TERM
Topical term or geographic name entry element Ferrari automobile
Form subdivision Pictorial works.
700 1# - ADDED ENTRY--PERSONAL NAME
Personal name Heseltine, Richard.
9 (RLIN) 59424
920 ## - Programme
Programme GEN : 177058
Holdings
Withdrawn status Lost status Source of classification or shelving scheme Damaged status Not for loan Home library Current library Date acquired Cost, normal purchase price Total Checkouts Barcode Date last seen Date last checked out Copy number Uniform Resource Identifier Cost, replacement price Koha item type Public note
    Dewey Decimal Classification     Taylor's Library-TC Taylor's Library-TC 03/12/2011 81.90 1 5000127802 05/12/2019 23/01/2015 1 Floor 4, Shelf 39 , Side 2, TierNo 3, BayNo 4 81.90 Main Collection GENxx,GENxx,02,GR